<?xml version="1.0" encoding="UTF-8"?>
<record
    xmlns:xsi="http://www.w3.org/2001/XMLSchema-instance"
    xsi:schemaLocation="http://www.loc.gov/MARC21/slim http://www.loc.gov/standards/marcxml/schema/MARC21slim.xsd"
    xmlns="http://www.loc.gov/MARC21/slim">

  <leader>01142nam a22002657a 4500</leader>
  <controlfield tag="005">20170123162334.0</controlfield>
  <datafield tag="010" ind1=" " ind2=" ">
    <subfield code="a">B-098197</subfield>
  </datafield>
  <datafield tag="020" ind1=" " ind2=" ">
    <subfield code="c">75.00</subfield>
    <subfield code="a">818766682</subfield>
  </datafield>
  <datafield tag="035" ind1=" " ind2=" ">
    <subfield code="a">B-098197</subfield>
  </datafield>
  <datafield tag="037" ind1=" " ind2=" ">
    <subfield code="b">Cen Lib/Ret</subfield>
  </datafield>
  <datafield tag="040" ind1=" " ind2=" ">
    <subfield code="a">DPL</subfield>
    <subfield code="b">UR</subfield>
  </datafield>
  <datafield tag="082" ind1=" " ind2=" ">
    <subfield code="a">842</subfield>
    <subfield code="b">&#x6A9; &#x627; &#x644; </subfield>
  </datafield>
  <datafield tag="100" ind1=" " ind2=" ">
    <subfield code="a">&#x645;&#x631;&#x632;&#x627; &#x6A9;&#x627;&#x638;&#x645; &#x627;&#x644;&#x6CC; &#x62C;&#x648;&#x627;&#x646; </subfield>
    <subfield code="9">119171</subfield>
  </datafield>
  <datafield tag="245" ind1=" " ind2=" ">
    <subfield code="a">&#x634;&#x6A9;&#x646;&#x62A;&#x644;&#x627; :</subfield>
    <subfield code="c">&#x645;&#x631;&#x632;&#x627; &#x6A9;&#x627;&#x638;&#x645; &#x627;&#x644;&#x6CC; &#x62C;&#x648;&#x627;&#x646; &#x61B; &#x645;&#x631;&#x62A;&#x628; &#x639;&#x628;&#x627;&#x62F;&#x62A; &#x628;&#x631;&#x6CC;&#x644;&#x648;&#x6CC; </subfield>
    <subfield code="b">&#x645;&#x6C1;&#x627; &#x6A9;&#x648;&#x6CC; &#x6A9;&#x644;&#x6CC;&#x62F;&#x627;&#x633; &#x6A9;&#x6D2; &#x646;&#x627;&#x679;&#x6A9; &#x6A9;&#x627; &#x633;&#x646;&#x633;&#x6A9;&#x631;&#x62A; &#x633;&#x6D2; &#x627;&#x631;&#x62F;&#x648; &#x62A;&#x631;&#x62C;&#x645;&#x6C1; /</subfield>
  </datafield>
  <datafield tag="246" ind1=" " ind2=" ">
    <subfield code="a">Shakuntala : mahakavi kaidas ka natak sanskrit se urdu tajuma /</subfield>
    <subfield code="b">by Mirza Kazim Ali Javan ; edited by Ibadat Barelvi  </subfield>
  </datafield>
  <datafield tag="260" ind1=" " ind2=" ">
    <subfield code="b">&#x6A9;&#x62A;&#x627;&#x628;&#x6CC; &#x62F;&#x646;&#x6CC;&#x627; </subfield>
    <subfield code="a">&#x62F;&#x6C1;&#x644;&#x6CC; </subfield>
    <subfield code="c">2004</subfield>
  </datafield>
  <datafield tag="270" ind1=" " ind2=" ">
    <subfield code="a">&#x661;&#x669;&#x665;&#x665;&#x60C; &#x6AF;&#x644;&#x6CC; &#x646;&#x648;&#x627;&#x628; &#x645;&#x631;&#x632;&#x627;&#x60C; &#x645;&#x648;&#x6C1;&#x644;&#x644;&#x6C1; &#x642;&#x628;&#x631;&#x633;&#x62A;&#x627;&#x646; &#x62A;&#x631;&#x6A9;&#x645;&#x627;&#x646; &#x6AF;&#x627;&#x62A;&#x6D2; </subfield>
    <subfield code="b">&#x62F;&#x6C1;&#x644;&#x6CC; </subfield>
    <subfield code="e">110006</subfield>
  </datafield>
  <datafield tag="300" ind1=" " ind2=" ">
    <subfield code="a">104p.</subfield>
    <subfield code="c">21cm(Hb)</subfield>
  </datafield>
  <datafield tag="650" ind1=" " ind2=" ">
    <subfield code="a">&#x627;&#x62F;&#x628; --&#x633;&#x646;&#x633;&#x6A9;&#x631;&#x62A;        </subfield>
    <subfield code="9">123051</subfield>
  </datafield>
  <datafield tag="650" ind1=" " ind2=" ">
    <subfield code="a">&#x633;&#x646;&#x633;&#x6A9;&#x631;&#x62A; &#x688;&#x631;&#x627;&#x645;&#x6D2; </subfield>
    <subfield code="9">646</subfield>
  </datafield>
  <datafield tag="650" ind1=" " ind2=" ">
    <subfield code="a">Literature -- Sanskrit</subfield>
    <subfield code="9">123052</subfield>
  </datafield>
  <datafield tag="650" ind1=" " ind2=" ">
    <subfield code="a">Sanskrit drama </subfield>
    <subfield code="9">123053</subfield>
  </datafield>
  <datafield tag="700" ind1=" " ind2=" ">
    <subfield code="a"> &#x639;&#x628;&#x627;&#x62F;&#x62A; &#x628;&#x631;&#x6CC;&#x644;&#x648;&#x6CC;</subfield>
    <subfield code="9">14097</subfield>
  </datafield>
  <datafield tag="942" ind1=" " ind2=" ">
    <subfield code="2">ddc</subfield>
    <subfield code="c">UR</subfield>
    <subfield code="h">842</subfield>
    <subfield code="m">&#x6A9; &#x627; &#x644; </subfield>
  </datafield>
  <datafield tag="999" ind1=" " ind2=" ">
    <subfield code="c">107981</subfield>
    <subfield code="d">107981</subfield>
  </datafield>
  <datafield tag="952" ind1=" " ind2=" ">
    <subfield code="0">0</subfield>
    <subfield code="1">0</subfield>
    <subfield code="4">0</subfield>
    <subfield code="7">0</subfield>
    <subfield code="a">L</subfield>
    <subfield code="b">L</subfield>
    <subfield code="d">2016-01-13</subfield>
    <subfield code="e">Cen Lib/Ret</subfield>
    <subfield code="g">75.00</subfield>
    <subfield code="l">0</subfield>
    <subfield code="o">842 &#x6A9; &#x627; &#x644;</subfield>
    <subfield code="p">B-098197</subfield>
    <subfield code="r">2016-01-13 00:00:00</subfield>
    <subfield code="t">1</subfield>
    <subfield code="v">75.00</subfield>
    <subfield code="w">2016-01-13</subfield>
    <subfield code="y">UR</subfield>
  </datafield>
</record>
